Sports Quiz

Random Sports or NHL Quiz

NHL: 50 goals (1999-2000 to 2009-2010) Quiz Stats

 Plays Quiz not verified by Sporcle

Score 0/20 Timer 04:00
0 Plays Today
% Correct
Sidney Crosby [Pittsburgh Penguins]
99.3%
Alexander Ovechkin [Washington Capitals]
99.3%
Alexander Ovechkin [Washington Capitals]
99.3%
Alexander Ovechkin [Washington Capitals]
99.3%
Alexander Ovechkin [Washington Capitals]
99.3%
Steven Stamkos [Tampa Bay Lightning]
88.3%
Jaromir Jagr [NY Rangers]
82.4%
Jaromir Jagr [Pittsburgh Penguins]
82.4%
Jarome Iginla [Calgary Flames]
80%
Dany Heatley [Ottawa Senators]
80%
% Correct
Dany Heatley [Ottawa Senators]
80%
Jarome Iginla [Calgary Flames]
80%
Ilya Kovalchuk [Atlanta Thrashers]
74.5%
Jonathan Cheechoo [San Jose Sharks]
74.5%
Ilya Kovalchuk [Atlanta Thrashers]
74.5%
Vincent Lecavalier [Tampa Bay Lightning]
72.1%
Joe Sakic [Colorado Avalanche]
71.7%
Pavel Bure [Florida Panthers]
70%
Pavel Bure [Florida Panthers]
70%
Milan Hejduk [Colorado Avalanche]
52.8%

You're not logged in!

Compare scores with friends on all Sporcle quizzes.
OR
Log In

Show Comments

Extras

Top Quizzes Today


Score Distribution

Your Account Isn't Verified!

In order to create a playlist on Sporcle, you need to verify the email address you used during registration. Go to your Sporcle Settings to finish the process.

Report this User

Report this user for behavior that violates our Community Guidelines.

Details: